Accidentes de tránsito en Costa Rica; 1973

Guardado en:
書目詳細資料
Autores Corporativos: Costa Rica. Ministerio de Economía, Industria y Comercio. Dirección General de Estadística y Censos, Instituto Nacional de Seguros (Costa Rica)
格式: Texto
出版: San José :
標簽: 添加標簽
沒有標簽, 成為第一個標記此記錄!

MARC

LEADER 00000 a a2200000 04500
001 17551
003
040
090 |a 000500  
110 |a Costa Rica. Ministerio de Economía, Industria y Comercio. Dirección General de Estadística y Censos  
245 |a Accidentes de tránsito en Costa Rica; 1973   |a Costa Rica. Ministerio de Economía, Industria y Comercio. Dirección General de Estadística y Censos  
260 |a San José :  
300 |a 57 p  
710 |a Instituto Nacional de Seguros (Costa Rica)  
999 |c 10297  |d 10297